|
|
|
|
| LEADER |
01197nam a2200313 a 4500 |
| 001 |
c000171019 |
| 003 |
CARM |
| 005 |
19850812000000.0 |
| 008 |
841128s1985 gw a b 001 0 eng d |
| 019 |
1 |
|
|a 3665844
|z 26695650
|5 LACONCORD2021
|
| 020 |
|
|
|a 3527152377
|
| 020 |
|
|
|a 0895734230
|
| 035 |
|
|
|a (OCoLC)11517595
|5 LACONCORD2021
|
| 040 |
|
|
|a LC
|b eng
|c LC
|
| 050 |
0 |
0 |
|a RC261
|b .M473 1985
|
| 060 |
0 |
0 |
|a QZ 200 M4894
|
| 082 |
0 |
4 |
|a 616.99/4
|2 19
|
| 245 |
0 |
0 |
|a Medical perspectives in cancer research /
|c edited by Anthony J.S. Davies and Philip S. Rudland.
|
| 260 |
|
|
|a Weinheim (Federal Republic of Germany) ;
|a Deerfield Beach, FL (USA) :
|b VCH ;
|a Chichester (England) :
|b Ellis Horwood,
|c c1985.
|
| 300 |
|
|
|a 301 p. :
|b ill. ;
|c 24 cm.
|
| 440 |
|
0 |
|a Ellis Horwood health science series.
|
| 504 |
|
|
|a Includes bibliographies and index.
|
| 650 |
|
0 |
|a Cancer.
|
| 650 |
|
0 |
|a Tumors.
|
| 700 |
1 |
|
|a Davies, A. J. S.
|
| 700 |
1 |
|
|a Rudland, Philip S.,
|d 1946-
|
| 852 |
8 |
|
|b CARM
|h A2:AN38F0
|i C06082
|p 0235203
|f BK
|
| 999 |
f |
f |
|i 02ce105e-33b7-5ca3-a3a8-ac0a9c1331ba
|s 6a1dd4ef-999d-5bf9-ac11-ba93fe3ec49a
|
| 952 |
f |
f |
|p Can circulate
|a CAVAL
|b CAVAL
|c CAVAL
|d CARM 1 Store
|e C06082
|f A2:AN38F0
|h Other scheme
|i book
|m 0235203
|